Principles of managerial finance / (Record no. 17967)
[ view plain ]
| 000 -LEADER | |
|---|---|
| fixed length control field | 00945nam a22002657a 4500 |
| 008 - FIXED-LENGTH DATA ELEMENTS--GENERAL INFORMATION | |
| fixed length control field | 140127s2013 enka frbd 001 0 eng d |
| 020 ## - INTERNATIONAL STANDARD BOOK NUMBER | |
| International Standard Book Number | 9781408271582 |
| 040 ## - CATALOGING SOURCE | |
| Original cataloging agency | EG-ScBUE |
| Language of cataloging | eng |
| Transcribing agency | EG-ScBUE |
| Modifying agency | EG-ScBUE |
| -- | EG-ScBUE |
| 082 04 - DEWEY DECIMAL CLASSIFICATION NUMBER | |
| Classification number | 658.15 |
| Item number | PRI |
| Edition number | 22 |
| 245 00 - TITLE STATEMENT | |
| Title | Principles of managerial finance / |
| Statement of responsibility, etc | Lawrence J. Gitman ... [et al.] |
| 250 ## - EDITION STATEMENT | |
| Edition statement | 1st ed., Arab world ed. |
| 260 ## - PUBLICATION, DISTRIBUTION, ETC. (IMPRINT) | |
| Place of publication, distribution, etc | Harlow : |
| Name of publisher, distributor, etc | Pearson Education Limited, |
| Date of publication, distribution, etc | 2013. |
| 300 ## - PHYSICAL DESCRIPTION | |
| Extent | 1 v. (Various pagings) : |
| Other physical details | ill. (col.) ; |
| Dimensions | 28 cm. |
| 500 ## - GENERAL NOTE | |
| General note | Includes index. |
| 500 ## - GENERAL NOTE | |
| General note | Includes glossary. |
| 500 ## - GENERAL NOTE | |
| General note | Includes my finance lab-ISBN 9781447943426. |
| 504 ## - BIBLIOGRAPHY, ETC. NOTE | |
| Bibliography, etc | Includes bibliographical references. |
| 650 #7 - SUBJECT ADDED ENTRY--TOPICAL TERM | |
| Topical term or geographic name as entry element | Corporations |
| General subdivision | Finance. |
| Source of heading or term | BUEsh |
| 9 (RLIN) | 2321 |
| 650 #7 - SUBJECT ADDED ENTRY--TOPICAL TERM | |
| Topical term or geographic name as entry element | Business enterprises |
| General subdivision | Finance. |
| Source of heading or term | BUEsh |
| 9 (RLIN) | 1452 |
| 651 ## - SUBJECT ADDED ENTRY--GEOGRAPHIC NAME | |
| Source of heading or term | BUEsh |
| 653 ## - INDEX TERM--UNCONTROLLED | |
| Resource For college | BAEPS, Economics |
| Arrived date list | January2014 |
| Resource For college | BAEPS, Business Administration |
| Arrived date list | October2016 |
| 655 ## - INDEX TERM--GENRE/FORM | |
| Form subdivision | Text book |
| -- | 33728 |
| 700 1# - ADDED ENTRY--PERSONAL NAME | |
| Personal name | Gitman, Lawrence J. |
| 9 (RLIN) | 11768 |
| 942 ## - ADDED ENTRY ELEMENTS (KOHA) | |
| Source of classification or shelving scheme | Dewey Decimal Classification |
| Withdrawn status | Item status | Source of classification or shelving scheme | Materials specified (bound volume or other part) | Damaged status | Not for loan | Vendor | Home library | Current library | Shelving location | Date acquired | Source of acquisition | Total Checkouts | Full call number | Barcode | Date last seen | Koha item type | Total Renewals | Date last borrowed | Checked out | Cost, normal purchase price | Serial Enumeration / chronology | Cost, replacement price |
|---|---|---|---|---|---|---|---|---|---|---|---|---|---|---|---|---|---|---|---|---|---|---|
| Lost | Dewey Decimal Classification | Lost In Inventory_2017-8-25 | Baccah | Central Library | Central Library | First floor | 27/01/2014 | 658.15 PRI | 000035503 | 23/08/2016 | NB - Book (Non borrowing) | |||||||||||
| Dewey Decimal Classification | Baccah | Central Library | Central Library | First floor | 27/01/2014 | 6 | 658.15 PRI | 000035504 | 15/07/2025 | Book - Borrowing | 33 | 11/04/2019 | ||||||||||
| Dewey Decimal Classification | Baccah | Central Library | Central Library | First floor | 27/01/2014 | 5 | 658.15 PRI | 000035505 | 15/07/2025 | Book - Borrowing | 35 | 23/02/2022 | ||||||||||
| Dewey Decimal Classification | Baccah | Central Library | Central Library | First floor | 15/10/2014 | 13 | 658.15 PRI | 000036669 | 15/07/2025 | NB - Book (Non borrowing) | 37 | 22/12/2021 | ||||||||||
| Dewey Decimal Classification | Baccah | Central Library | Central Library | First floor | 15/10/2014 | 9 | 658.15 PRI | 000036670 | 23/03/2016 | Book - Borrowing | 16 | 23/03/2016 | 28/11/2019 | |||||||||
| Lost | Dewey Decimal Classification | Lost In Inventory_2018-08-12 | Academic Bookshop | Central Library | Central Library | First floor | 18/10/2016 | Purchase | 4 | 658.15 PRI | 000045156 | 12/10/2017 | Book - Borrowing | 7 | 12/10/2017 | 300.00 | 9129 | 375.00 | ||||
| Dewey Decimal Classification | Academic Bookshop | Central Library | Central Library | First floor | 23/10/2016 | Purchase | 6 | 658.15 PRI | 000034458 | 15/07/2025 | Book - Borrowing | 52 | 12/12/2021 | 300.00 | 9154 | 375.00 |